Estadísticas para Países con Premio Nobel de Literatura

Haz click aquí para tomar la prueba!

Estadísticas generales

  • Esta prueba ha sido tomada 175 veces
  • La puntuación promedio es 28 de 41

Estadísticas de respuestas

NobelPais% Correcto
11Estados Unidos
99%
6España
98%
4Rusia /
Unión Soviética
96%
16Francia
95%
10Reino Unido
94%
8Alemania
93%
6Italia
92%
2Japón
91%
2China
90%
1México
90%
3Noruega
89%
8Suecia
88%
1Portugal
87%
2Chile
86%
1Colombia
84%
1Canadá
83%
1India
81%
1Perú
79%
2Sudáfrica
77%
1Finlandia
76%
1Australia
75%
6Polonia
75%
2Grecia
73%
2Austria
72%
2Suiza
72%
4Irlanda
69%
1Bélgica
66%
1Egipto
66%
3Dinamarca
63%
1Turquía
57%
1Hungría
53%
1Islandia
46%
1Israel
45%
1Guatemala
37%
1Nigeria
35%
1Bulgaria
33%
1Yugoslavia
27%
1Bielorrusia
21%
1Checoslovaquia
18%
1Santa Lucía
7%
1Mauricio
2%

Distribución de puntuación

Porcentaje por número respondido

Porcentaje de gente con cada puntuación

Historial de tus puntuaciones

No has tomado esta prueba